| 000 | 00520 a2200169 4500 | ||
|---|---|---|---|
| 020 | _a0028740483 | ||
| 040 |
_aDLC _bDLC |
||
| 082 | 0 | 0 | _a338.76100510973 |
| 100 | 1 | _aCusumano, Michael A., | |
| 245 | 1 | 0 |
_aMicrosoft secrets: _cMichael A. Cusumano, Richard W. Selby |
| 260 |
_aNew York : _bFree Press, _cc1995. |
||
| 300 |
_axii, 512 p. : _bill. ; _c24 cm. |
||
| 610 | 2 | 0 | _aMicrosoft Corporation. |
| 650 | 0 |
_aComputer software industry _zUnited States. |
|
| 700 | 1 | _aSelby, Richard W. | |
| 942 |
_cBK _k338.76100510973 CUS _2ddc |
||
| 999 |
_c9988 _d9988 |
||